000 00610nam a2200181Ia 4500
008 220216s9999 xx 000 0 und d
100 _aHong T N
245 0 _aHighly de-proteinized natural rubber latex examination glove production
260 _bInternational Rubber Conference 1997. Rubber Science and Technology: Improving Quality of Life, Kuala Lumpur, Malaysia 6-9 Oct 1997; p331-334
650 _aDe-proteinized natural rubber
650 _aGlove production
700 _aIchikawa N
700 _aKawasaki A
700 _aKong F W
700 _aMiyamoto Y
700 _aNakade S-I
942 _cJS
999 _c60424
_d60424